| 000 | 01004nam a22002897a 4500 | ||
|---|---|---|---|
| 999 |
_c22384 _d22384 |
||
| 003 | OSt | ||
| 005 | 20220516142831.0 | ||
| 008 | 191119e201904 pe a b 000 0 spa | ||
| 020 | _a9786124431579 | ||
| 040 | _cBiblioteca Municipal de Cusco | ||
| 082 |
_a324.22/L54 _bL54 |
||
| 100 |
_aLevitsky, Steven _947979 |
||
| 245 |
_a¿Por qué no hay partidos políticos en el Perú? / _cSteven Levitsky, Mauricio Zavaleta |
||
| 246 | 3 | _aDoce mitos de una región sin nombre | |
| 250 | _aPrimera edición, segunda reimpresión | ||
| 264 | 1 |
_aLima : _bPlaneta, _c2020. |
|
| 300 |
_a82 páginas. : _c19 cm. |
||
| 490 |
_aPerú breve ; _v2 |
||
| 504 | _aBibliografía: páginas 75-82. | ||
| 650 |
_aPolíticos _ySiglo XXI _zPerú _947980 |
||
| 650 |
_aPartidos políticos _91565 |
||
| 650 |
_aAfiliación política _947981 |
||
| 650 |
_aTácticas políticas _xHistoria _ySiglo XXI _zPerú _947982 |
||
| 700 |
_aZavaleta, Mauricio _947983 |
||
| 700 |
_aVergara, Alberto _edirector _947984 |
||
| 942 |
_2ddc _cLIBROS |
||